Quizzes
Events
Quiz Creation
Community
Videos
Private Events
Remove Ads
Sign In
Join for FREE
Feedback
Dark Mode
Quiz Categories
Sports
Geography
Music
Movies
Television
Just For Fun
Miscellaneous
History
Literature
Language
Science
Gaming
Entertainment
Religion
Holiday
For Kids
Quiz Lab
Recent
Popular Today
Quiz Kudos Today
Editor Picks
Curator Picks
Quizzes by...
Day
Popularity
Type
Ratings
Length
Year
Community
Subscriptions
Recent Discussions
Orange Saloon
Badges
Playlists
Quests
Create
Leaderboards
Showdown
Live 5
Trivia Bingo
Activity
Puzzle Library
Sporcle Events
Private Events
Virtual Trivia
Globe League
Become a Host
Pub Owners
SporcleCon
Opinionation
Our Games
Videos
Blog
Mobile Apps
Partnerships
Remove Ads and Go Orange
Feedback
Holiday
Halloween
Christmas
Holiday Songs
April Fools'
Thanksgiving
Valentine's Day
Easter
St Patrick's Day
National Holiday
Religious Holiday
Holiday
Halloween
Christmas
Holiday Songs
April Fools'
Thanksgiving
Valentine's Day
Easter
St Patrick's Day
National Holiday
Religious Holiday
Random Quiz
Search Sporcle
×
Quiz Lab
Quiz Lab
Holiday
Christmas
Type in answers that appear in a list
Type in answers that appear in a list
Classic
Best Score? Go Orange.
12 Pains of Christmas Lyrics Stats
Can you name the 12 Pains of Christmas Lyrics?
By
IOWAHAWKEYE10
4m
12 Questions
100 Plays
100 Plays
100 Plays
Comments
Comments
Give Quiz Kudos
Give Quiz Kudos
-
- Ratings
hide this ad
More Info
Replay
Link that replays current quiz
Next Quiz
Link to next quiz in quiz playlist
You Got
0%
They Got
Avg Score
53%
Avg Friend Score
Upgrade to see
Score Distribution
Jump to the score distribution portion of the page
Score
0/12
Timer
04:00
0
Plays Today
Number
% Correct
1
Finding a Christmas Tree
89%
3
Hangovers
84%
2
Rigging up the Lights
73%
4
Sending Christmas cards
73%
6
Facing My inlaws
68%
5
5 Months of Bills
60%
7
The Salvation Army
45%
12
Singing Christmas Carols
44%
11
Stale tv specials
42%
9
No Parking Spaces
39%
10
Batteries no included
10%
8
I want a Transfomer for Christmas
9%
Quiz Playlist
Details
Report
Send in Message
Add To Playlist
More Info:
DON'T put the change lyric put the pain as it is first said!!! :0
Classic:
Type in answers that appear in a list
Last Updated: Feb 16, 2017
Quiz Scoreboard
CHALLENGE
Sign Up to Join the Scoreboard
Show All
Scores
Hide
Comments
May contain spoilers
Recently Published
College Basketball Coaching Resumes
by pancakes188
Sports
9m
Billboard Blitz: Fleetwood Mac
by CooCooCachoo
Music
15s
Presidents Visiting Landmarks
by Hejman
History
7m
More to Explore
Quiz From the Vault
Featured Blog Post
Where Did the Easter Bunny Come From?
hide this ad
You Might Also Like...
Tags
Christmas Quiz
Religious Holiday Quiz
pain
Today's Top Quizzes in Holiday
Browse Holiday
hide this ad
Today's Top Quizzes in Christmas
Browse Christmas
Top Contributed Quizzes in Holiday
1
5-to-1: Holiday Songs
2
5-to-1: Thanksgiving
3
Easter - Did You Know?
4
Word Ladder: Four Leaf Clover
5
Show What You Know: US Federal Holidays
6
Slices of Holidays
7
A 50/50 Shot: Christmas Edition
8
The Holiday Category, A to Z
9
3-per Word Ladder: Listen Up!
10
Holidays Spelling Bee
Explore More
Trending Topics
Kpop
Disney
Harry Potter
Anime
Crossword
Marvel
NBA
Pokémon
Soccer
Song
The Office
Country
WWE
Puzzle
NFL
hide this ad
More By:
IOWAHAWKEYE10
Quiz
Plays
Rating
Category
Featured
Created
Guess My Birthday!
1,865
1.67
Just For Fun
Jan 1, 2012
Army Ranks
1,412
1.60
History
Jul 4, 2011
Stupid Answers to Jokes
892
1.56
Just For Fun
Oct 14, 2011
Walt Disney Myths
739
2.00
Just For Fun
May 28, 2011
Countries by Clue !
501
2.63
Geography
Jun 11, 2011
Go to Creator's Profile
Score Distribution
Quiz Creator Spotlight
IOWAHAWKEYE10
Follow
Send a Message
Quizzes Created
-
Created Quiz Play Count
-
More By This Creator
Popular Quizzes Today
1
Find the US States - No Outlines Minefield
2
Find the Countries of Europe - No Outlines Minefield
3
The Countries of the World
4
Find the US States
5
Risky Map Clicking: Biggest States A-Z
6
US States
7
Popular People in 1961
8
Movies - When Are They Set?
More Holiday Quizzes
Word Ladder: July 1st Holiday
Curator's Pick
Trending Quizzes
Risky Map Clicking: Least Populous States A-Z
1-10 Letter G Words
1-10 Letter F Words
Risky Map Clicking: Next State Alphabetically
Click the Washington State Counties! (Map)
Recently Updated
Leaping Animals
pecheneg
Reality TV Shows (A-Z)
bhenderson79
Rickey Henderson's Hall of Fame Teammates
pecheneg
Champions League XIs: Arsenal
pecheneg
Quick Pick: Celebrities in WWE's Hall of Fame
aduchscher
A-Z Keypad Blitz II
pecheneg
Multiple Oscar Actors
pecheneg
Mystery Phrase Blitz: Oscar 'Best Actors'
pecheneg
F. Scott Fitzgerald Novels
LTH
Pick 3 Villains
ddd62291
Trending Topics
NBA
Kpop
Marvel
Disney
Crossword
Anime
Harry Potter
Puzzle
Pokémon
Soccer
Song
WWE
NFL
The Office
Country
Your Account Isn't Verified!
In order to create a playlist on Sporcle, you need to verify the email address you used during registration. Go to your
Sporcle Settings
to finish the process.
Report this User
Report this user for behavior that violates our
Community Guidelines
.
Details:
Send Report
Go to the Sporcle.com Mobile Site →
Comments